Normal view
MARC view
- Knapp, Jake
Entry Personal Name
001 - CONTROL NUMBER
- control field: 216304
003 - CONTROL NUMBER IDENTIFIER
- control field: OSt
005 - DATE AND TIME OF LATEST TRANSACTION
- control field: 20260109162513.0
008 - FIXED-LENGTH DATA ELEMENTS
- fixed length control field: 260109|| aca||aabn | a|a d
040 ## - CATALOGING SOURCE
- Original cataloging agency: OSt
- Transcribing agency: OSt
100 ## - HEADING--PERSONAL NAME
- Personal name: Knapp, Jake
670 ## - SOURCE DATA FOUND
- Source citation: Work cat.: (OSt)369847: Knapp, Jake, Make Time : How to Focus on What Matters Every Day, 2018